| 000 | 00000nam##2200000za#4500 |
| 001 | 9.604537 |
| 003 | CaOODSP |
| 005 | 20210624211646 |
| 007 | cr ||||||||||| |
| 008 | 150406|2008||||xxc|||||o f|0| 0 fre|d |
| 040 | |aCaOODSP|bfre |
| 043 | |an-cn--- |
| 086 | 1 |aT41-1/68F-PDF |
| 110 | 1 |aCanada. |bTransports Canada. |
| 245 | 10|aSystème d'information pour les passagers EasyGO |h[ressource électronique] |
| 260 | |aOttawa - Ontario : |bTransports Canada |cJuin 2008. |
| 300 | |a5p.|bphotographies |
| 490 | 1 |aÉtudes de cas sur les transports durables |vÉtude de cas nº 68 |
| 500 | |aEn tête du titre : Programme de démonstration en transport urbain. « Région de Waterloo (Ontario) ». |
| 590 | |a12-36-Supp|b2012-08-22 |
| 775 | 08|tEasyGO Traveler Information System |w(CaOODSP)9.574810 |
| 830 | #0|aÉtudes de cas sur les transports durables ;|vÉtude de cas nº 68|w(CaOODSP)9.503247 |
| 856 | 40|ahttp://publications.gc.ca|qPDF|s179 Ko|uhttps://publications.gc.ca/collections/collection_2012/tc/T41-1-68-fra.pdf|yÉtude de cas nº 68 |
| 986 | |aTP : 14714F |